000 01085cab a2200241 4500
001 ABS56034
008 090401t1996 xxu||||| |||| 00| 0 eng d
035 _a(Sirsi) u20564
041 _aeng
245 _aChurch Commissioners for England v Al-Emarah
260 _c1996
350 _a0
490 _aWeekly Law Reports
_v[1996] 3 WLR 633-641(5)
520 _aCA 8 May 1996. The husband had a protected tenancy, when the marriage broke down the wife remained in the flat with her children but was unable to pay the rent. The main dispute was whether the possession order made against the husband was enforceable against the wife. Held, that under Matrimonial Homes Act 1983 schedule 1 she became subject to payment of rent and arrears of rent but fresh possession proceedings against the wife would need to be initiated.
650 _aMATRIMONIAL HOMES ACT 1983
650 _aPOSSESSION ORDERS
650 _aPROTECTED TENANCIES
650 _aRENT ARREARS
650 _aSTATUTORY TENANCIES
690 _aLANDLORD AND TENANT-CASE LAW
942 _n0
948 _c04/03/1997
999 _c13777
_d13777